header

Handbook of psychiatry in palliative medicine (Record no. 99984)

MARC details
000 -LEADER
fixed length control field 01408nam a2200337Ia 4500
245 00 - TITLE STATEMENT
Title Handbook of psychiatry in palliative medicine
260 ## - PUBLICATION, DISTRIBUTION, ETC. (IMPRINT)
Place of publication Oxford ;
-- New York :
Name of publisher Oxford University Press,
Year of publication c2000.
300 ## - PHYSICAL DESCRIPTION
Number of Pages xx, 435 p. :
Other physical details ill.
650 #0 - SUBJECT ADDED ENTRY--TOPICAL TERM
Topical Term Palliative treatment
Topical Term Terminal care
Topical Term Critically ill
700 1# - ADDED ENTRY--PERSONAL NAME
Personal name Chochinov, Harvey Max.
Personal name Breitbart, William,
856 40 - ELECTRONIC LOCATION AND ACCESS
Uniform Resource Identifier http://site.ebrary.com/lib/rucke/Doc?id=10375152

No items available.

© 2026 Rongo University
Contact us: librarian | system librarian | Rongo university